| 000 | 00695nam a22001577a 4500 | ||
|---|---|---|---|
| 003 | OSt | ||
| 005 | 20150915143232.0 | ||
| 008 | 150915b xxu||||| |||| 00| 0 eng d | ||
| 040 | _cRUA | ||
| 082 | _aAGR,TONG,2003,B029,Or.1 | ||
| 100 |
_9520 _aTONG SOKHOM |
||
| 245 | _aThe effects of the use of different levels of effluent fertilzer on the growth of water spinach,(ឥទ្ធិពលនៃការប្រើប្រាស់ជីឡឧស្ម័នក្នុងកំរិតផ្សេងៗគា្នទៅលើការលូតលាស់របស់ដំណាំត្រកួន) | ||
| 260 |
_aphonm pehn _bRUA _c2003 |
||
| 300 |
_a56p. _cill. _g29cm. |
||
| 942 |
_2ddc _cAGR |
||
| 999 |
_c500 _d500 |
||